| 000 | 00952nam a22002417a 4500 | ||
|---|---|---|---|
| 003 | OSt | ||
| 005 | 20201105133920.0 | ||
| 008 | 130408s2000 dr 000 0 spa d | ||
| 040 |
_aDO-SdBNP _bspa _cBNPHU |
||
| 082 |
_axxxxx _bxxxxx |
||
| 100 | 1 |
_aGuzmán, Carlos Modesto _964672 |
|
| 245 | 1 | 3 |
_aEl proceso de reforma del Instituto Postal Dominicano / _cCarlos Modesto Guzmán ; presentación Onofre Rojas |
| 260 |
_aSanto Domingo : _bComisión Presidencial para la Reforma y Modernización del Estado, _c2000. |
||
| 300 |
_a34 p. ; _c21 cm. |
||
| 490 | 1 |
_aConversatorios de la reforma ; _v15 ; |
|
| 500 | _aConversatorio realizado el 6 de octubre de 1999. | ||
| 590 | _aInventariado, 2020/ YL | ||
| 700 | 1 | 2 |
_aRojas, Onofre _epres. _931119 |
| 710 | 2 |
_aRepública Dominicana. _bComisión Presidencial para la Reforma y Modernización del Estado _97089 |
|
| 830 | 0 |
_aConversatorios de la reforma _v15 _916542 |
|
| 910 | _aYLockward | ||
| 942 |
_2ddc _cLF2 |
||
| 999 |
_c49090 _d49090 |
||